Hit, család, iskola

Podrobná bibliografia
Hlavní autori: Zsebik, Ildikó (ain), Kása, Gergely (Autor, uin)
Médium: Článok
Jazyk:maďarčina
Fyzický popis:Fotogr.
Predmet:

MARC

LEADER 00000nab a2200000 a 4500
001 vtls000720295
003 SK-MaSNL
005 20260319074448.0
008 160322c2000 xo 0 hun
015 |a SNBRB2000/04-11340 
035 |a CLN000072462 
040 |a SNKBUCL  |b slo  |c SNKBUCL  |e AACR2 
041 0 |a hun 
044 |a xo  |c SK 
080 |a 2-051(437.6=945.11)  |2 UDC-MRF-SK2 
080 |a 284.2  |2 UDC-MRF-SK2 
100 1 |a Zsebik, Ildikó  |4 ain  |9 840447 
245 1 0 |a Hit, család, iskola  |c Zsebik Ildikó, Kása Gergely 
300 |b Fotogr. 
600 1 7 |a Kása, Gergely  |2 snkbucl  |9 331662 
655 7 |a články z novín a časopisov  |2 snkbucl  |9 267496 
700 1 |a Kása, Gergely  |4 aut  |4 uin  |9 331662 
773 0 |t Vasárnap  |g Roč. 33, č. 12 (2000) 
773 0 |t [Príl.] Hang-Kép  |g Č. 12 (2000), s. 28-29 
850 |a Slovenská národná knižnica v Martine 
852 |a SNK  |b KIS3GCP 
958 |a HU 
958 |a SK 
958 |a BX 
958 |a RBX 
999 |c 1451149  |d 1453079